[Event "45th FIDE Chess Olympiad Open"]
[Site "Budapest, Hungary"]
[Date "2024.09.21"]
[Round "10"]
[White "Alrehaili, Ahmed Abdullah S"]
[Black "Smith, Shreyas"]
[Result "1-0"]
[Board "237"]
[WhiteFideId "21518840"]
[BlackFideId "7400713"]
[WhiteTitle "FM"]
[BlackTitle "FM"]
[WhiteElo "2117"]
[BlackElo "2226"]
[WhiteTeam "Saudi Arabia"]
[BlackTeam "Jamaica"]
[WhiteClock "0:01:54"]
[BlackClock "0:11:01"]
[Variant "Standard"]

1. e4 {[%clk 1:30:57]}  c5 {[%clk 1:30:31]} 2. Nf3 {[%clk 1:31:06]}  Nc6 {[%clk 1:30:45]} 3. Bb5 {[%clk 1:30:48]}  g6 {[%clk 1:30:35]} 4. Bxc6 {[%clk 1:30:34]}  bxc6 {[%clk 1:27:09]} 5. O-O {[%clk 1:29:05]}  Bg7 {[%clk 1:27:30]} 6. Re1 {[%clk 1:26:59]}  Qc7 {[%clk 1:27:44]} 7. d3 {[%clk 1:22:21]}  e5 {[%clk 1:27:39]} 8. c3 {[%clk 1:19:33]}  Ne7 {[%clk 1:27:38]} 9. Be3 {[%clk 1:02:19]}  d6 {[%clk 1:27:52]} 10. d4 {[%clk 1:00:37]}  exd4 {[%clk 1:26:18]} 11. cxd4 {[%clk 1:00:33]}  Bg4 {[%clk 1:23:32]} 12. dxc5 {[%clk 0:50:17]}  Bxf3 {[%clk 1:16:23]} 13. Qxf3 {[%clk 0:42:46]}  O-O {[%clk 1:14:27]} 14. Nd2 {[%clk 0:36:27]}  d5 {[%clk 1:07:23]} 15. Bf4 {[%clk 0:33:52]}  Qa5 {[%clk 0:58:00]} 16. Nb3 {[%clk 0:31:44]}  Qb4 {[%clk 0:48:59]} 17. Bd6 {[%clk 0:27:57]}  Rfe8 {[%clk 0:48:18]} 18. a3 {[%clk 0:25:54]}  Qb7 {[%clk 0:48:19]} 19. Re3 {[%clk 0:12:08]}  f5 {[%clk 0:33:45]} 20. e5 {[%clk 0:12:12]}  f4 {[%clk 0:31:04]} 21. Qxf4 {[%clk 0:07:40]}  Nf5 {[%clk 0:31:14]} 22. Rf3 {[%clk 0:04:44]}  a5 {[%clk 0:30:42]} 23. a4 {[%clk 0:02:53]}  Nxd6 {[%clk 0:21:17]} 24. exd6 {[%clk 0:03:22]}  Rf8 {[%clk 0:21:22]} 25. Qg4 {[%clk 0:03:07]}  Rxf3 {[%clk 0:21:39]} 26. Qxf3 {[%clk 0:03:35]}  Rb8 {[%clk 0:21:57]} 27. Re1 {[%clk 0:02:23]}  Bxb2 {[%clk 0:11:01]} 28. Re7 {[%clk 0:01:54]} 1-0

[Event "45th FIDE Chess Olympiad Open"]
[Site "Budapest, Hungary"]
[Date "2024.09.21"]
[Round "10"]
[White "Glaves, Raheem"]
[Black "Al Thebaiti, Ahmed M"]
[Result "1/2-1/2"]
[Board "238"]
[WhiteFideId "7402724"]
[BlackFideId "21502390"]
[WhiteTitle "FM"]
[BlackTitle "CM"]
[WhiteElo "2094"]
[BlackElo "1993"]
[WhiteTeam "Jamaica"]
[BlackTeam "Saudi Arabia"]
[WhiteClock "0:17:48"]
[BlackClock "0:20:03"]
[Variant "Standard"]

1. e4 {[%clk 1:30:58]}  e5 {[%clk 1:30:44]} 2. Nf3 {[%clk 1:31:11]}  Nc6 {[%clk 1:31:05]} 3. Bc4 {[%clk 1:30:30]}  Bc5 {[%clk 1:31:04]} 4. O-O {[%clk 1:29:37]}  Nf6 {[%clk 1:31:11]} 5. d3 {[%clk 1:29:55]}  O-O {[%clk 1:31:13]} 6. a4 {[%clk 1:22:57]}  a5 {[%clk 1:23:02]} 7. Nc3 {[%clk 1:09:31]}  h6 {[%clk 1:21:22]} 8. Be3 {[%clk 1:09:12]}  Bxe3 {[%clk 1:11:01]} 9. fxe3 {[%clk 1:09:39]}  d6 {[%clk 1:11:21]} 10. Qe1 {[%clk 1:03:23]}  Be6 {[%clk 1:08:46]} 11. Bxe6 {[%clk 1:02:53]}  fxe6 {[%clk 1:09:09]} 12. Qg3 {[%clk 1:02:52]}  Qe8 {[%clk 0:50:20]} 13. Nb5 {[%clk 1:02:17]}  Qd7 {[%clk 0:45:57]} 14. Rf2 {[%clk 0:55:16]}  Rf7 {[%clk 0:36:08]} 15. Na3 {[%clk 0:49:26]}  Raf8 {[%clk 0:35:03]} 16. Nc4 {[%clk 0:49:09]}  b6 {[%clk 0:34:56]} 17. b3 {[%clk 0:47:04]}  Qe8 {[%clk 0:28:28]} 18. Raf1 {[%clk 0:35:12]}  Nb4 {[%clk 0:25:36]} 19. Qh3 {[%clk 0:28:00]}  Nh7 {[%clk 0:17:10]} 20. Qh4 {[%clk 0:22:17]}  Qe7 {[%clk 0:12:53]} 21. Qg4 {[%clk 0:19:18]}  Rf6 {[%clk 0:08:41]} 22. h4 {[%clk 0:17:30]}  g6 {[%clk 0:03:31]} 23. Qg3 {[%clk 0:07:24]}  Kg7 {[%clk 0:03:44]} 24. d4 {[%clk 0:07:22]}  exd4 {[%clk 0:03:14]} 25. exd4 {[%clk 0:07:41]}  Rf4 {[%clk 0:01:23]} 26. c3 {[%clk 0:05:35]}  Nc6 {[%clk 0:01:33]} 27. e5 {[%clk 0:04:21]}  d5 {[%clk 0:01:00]} 28. Ncd2 {[%clk 0:04:15]}  Qf7 {[%clk 0:00:48]} 29. Nh2 {[%clk 0:01:43]}  Rxf2 {[%clk 0:01:09]} 30. Rxf2 {[%clk 0:02:11]}  Qxf2+ {[%clk 0:01:29]} 31. Qxf2 {[%clk 0:02:36]}  Rxf2 {[%clk 0:01:55]} 32. Kxf2 {[%clk 0:03:04]}  Ne7 {[%clk 0:01:08]} 33. g4 {[%clk 0:02:12]}  Nf8 {[%clk 0:01:32]} 34. Nhf3 {[%clk 0:01:58]}  Nd7 {[%clk 0:01:30]} 35. Ke3 {[%clk 0:01:39]}  c6 {[%clk 0:01:40]} 36. Nf1 {[%clk 0:01:55]}  b5 {[%clk 0:01:35]} 37. axb5 {[%clk 0:01:19]}  cxb5 {[%clk 0:02:00]} 38. Kd3 {[%clk 0:01:33]}  Nb6 {[%clk 0:01:30]} 39. Ng3 {[%clk 0:01:14]}  a4 {[%clk 0:00:58]} 40. Kc2 {[%clk 0:01:26]}  Nc6 {[%clk 0:00:50]} 41. bxa4 {[%clk 0:01:30]}  bxa4 {[%clk 0:00:42]} 42. Nd2 {[%clk 0:01:10]}  Na5 {[%clk 0:28:14]} 43. Nh1 {[%clk 0:27:44]}  Nbc4 {[%clk 0:24:33]} 44. Nxc4 {[%clk 0:28:00]}  Nxc4 {[%clk 0:24:59]} 45. Nf2 {[%clk 0:27:44]}  g5 {[%clk 0:21:04]} 46. hxg5 {[%clk 0:28:03]}  hxg5 {[%clk 0:21:26]} 47. Kb1 {[%clk 0:27:15]}  Kf7 {[%clk 0:20:38]} 48. Ka2 {[%clk 0:27:16]}  Kg7 {[%clk 0:20:11]} 49. Nd3 {[%clk 0:20:46]}  Ne3 {[%clk 0:20:03]} 50. Nf2 {[%clk 0:17:48]} 1/2-1/2

[Event "45th FIDE Chess Olympiad Open"]
[Site "Budapest, Hungary"]
[Date "2024.09.21"]
[Round "10"]
[White "Al Abdali, Zeyad Saleh"]
[Black "Shaw, Jaden"]
[Result "0-1"]
[Board "239"]
[WhiteFideId "21501505"]
[BlackFideId "7402880"]
[BlackTitle "FM"]
[WhiteElo "1780"]
[BlackElo "2051"]
[WhiteTeam "Saudi Arabia"]
[BlackTeam "Jamaica"]
[WhiteClock "0:00:53"]
[BlackClock "0:13:30"]
[Variant "Standard"]

1. d4 {[%clk 1:28:37]}  Nf6 {[%clk 1:30:44]} 2. c4 {[%clk 1:28:55]}  e6 {[%clk 1:31:08]} 3. Nf3 {[%clk 1:28:45]}  Bb4+ {[%clk 1:31:13]} 4. Nbd2 {[%clk 1:29:03]}  b6 {[%clk 1:31:16]} 5. a3 {[%clk 1:28:00]}  Bxd2+ {[%clk 1:31:21]} 6. Qxd2 {[%clk 1:28:19]}  a5 {[%clk 1:31:30]} 7. Qc2 {[%clk 1:24:50]}  Bb7 {[%clk 1:31:41]} 8. e3 {[%clk 1:20:26]}  Ne4 {[%clk 1:29:07]} 9. Bd3 {[%clk 1:17:20]}  f5 {[%clk 1:28:47]} 10. O-O {[%clk 1:12:05]}  O-O {[%clk 1:28:54]} 11. Nd2 {[%clk 1:11:32]}  Qh4 {[%clk 1:27:04]} 12. f3 {[%clk 1:08:58]}  Nxd2 {[%clk 1:24:27]} 13. Bxd2 {[%clk 1:09:15]}  Nc6 {[%clk 1:23:27]} 14. b4 {[%clk 1:02:09]}  axb4 {[%clk 1:20:38]} 15. axb4 {[%clk 1:02:29]}  Rxa1 {[%clk 1:19:33]} 16. Rxa1 {[%clk 1:02:53]}  Nxd4 {[%clk 1:18:51]} 17. Qb2 {[%clk 1:00:36]}  Nxf3+ {[%clk 1:01:28]} 18. gxf3 {[%clk 0:55:08]}  Rf6 {[%clk 1:00:30]} 19. Be1 {[%clk 0:31:14]}  Qg5+ {[%clk 1:00:44]} 20. Kf2 {[%clk 0:30:49]}  Rg6 {[%clk 0:55:36]} 21. Ke2 {[%clk 0:23:01]}  Qg1 {[%clk 0:52:21]} 22. Bg3 {[%clk 0:19:13]}  Qg2+ {[%clk 0:52:37]} 23. Bf2 {[%clk 0:19:07]}  Qxh2 {[%clk 0:31:28]} 24. e4 {[%clk 0:10:37]}  Rg2 {[%clk 0:24:51]} 25. Rf1 {[%clk 0:08:06]}  e5 {[%clk 0:21:10]} 26. exf5 {[%clk 0:03:08]}  Qf4 {[%clk 0:20:56]} 27. Ke1 {[%clk 0:02:25]}  Bxf3 {[%clk 0:18:57]} 28. c5 {[%clk 0:00:47]}  bxc5 {[%clk 0:15:39]} 29. bxc5 {[%clk 0:00:47]}  Qa4 {[%clk 0:13:36]} 30. Qxe5 {[%clk 0:00:53]}  Qd1# {[%clk 0:13:30]} 0-1

[Event "45th FIDE Chess Olympiad Open"]
[Site "Budapest, Hungary"]
[Date "2024.09.21"]
[Round "10"]
[White "McKennis, Darren"]
[Black "Khayat, Emad"]
[Result "0-1"]
[Board "240"]
[WhiteFideId "7402872"]
[BlackFideId "21518076"]
[WhiteElo "1905"]
[BlackElo "1907"]
[WhiteTeam "Jamaica"]
[BlackTeam "Saudi Arabia"]
[WhiteClock "0:14:45"]
[BlackClock "0:02:03"]
[Variant "Standard"]

1. d4 {[%clk 1:30:57]}  Nf6 {[%clk 1:30:51]} 2. Nc3 {[%clk 1:31:22]}  d5 {[%clk 1:31:13]} 3. Bf4 {[%clk 1:31:44]}  e6 {[%clk 1:30:47]} 4. Nb5 {[%clk 1:31:35]}  Na6 {[%clk 1:31:09]} 5. e3 {[%clk 1:31:47]}  Be7 {[%clk 1:30:40]} 6. h3 {[%clk 1:30:31]}  O-O {[%clk 1:26:11]} 7. Nf3 {[%clk 1:27:26]}  Bd7 {[%clk 1:19:44]} 8. Nc3 {[%clk 1:23:15]}  c5 {[%clk 1:17:41]} 9. Bxa6 {[%clk 1:23:02]}  bxa6 {[%clk 1:18:06]} 10. O-O {[%clk 1:23:26]}  Qb6 {[%clk 1:11:46]} 11. Rb1 {[%clk 1:20:39]}  Rac8 {[%clk 1:03:54]} 12. Ne5 {[%clk 1:16:21]}  Bb5 {[%clk 1:00:41]} 13. Nxb5 {[%clk 1:12:25]}  axb5 {[%clk 1:00:38]} 14. c3 {[%clk 1:01:07]}  h6 {[%clk 0:55:02]} 15. Qe2 {[%clk 0:54:34]}  Bd6 {[%clk 0:48:40]} 16. Rbc1 {[%clk 0:38:11]}  Rc7 {[%clk 0:43:23]} 17. dxc5 {[%clk 0:32:15]}  Rxc5 {[%clk 0:41:54]} 18. Nd3 {[%clk 0:31:48]}  Rc4 {[%clk 0:39:12]} 19. Bxd6 {[%clk 0:28:07]}  Qxd6 {[%clk 0:39:34]} 20. Rfd1 {[%clk 0:28:19]}  Rfc8 {[%clk 0:38:03]} 21. Rc2 {[%clk 0:27:30]}  a5 {[%clk 0:35:47]} 22. a3 {[%clk 0:26:03]}  Qc7 {[%clk 0:33:31]} 23. Rdc1 {[%clk 0:24:05]}  Ne4 {[%clk 0:29:12]} 24. Qh5 {[%clk 0:20:27]}  Nf6 {[%clk 0:26:32]} 25. Qe5 {[%clk 0:18:35]}  Qxe5 {[%clk 0:26:35]} 26. Nxe5 {[%clk 0:19:01]}  R4c7 {[%clk 0:26:37]} 27. a4 {[%clk 0:15:00]}  b4 {[%clk 0:17:07]} 28. c4 {[%clk 0:13:21]}  Ne4 {[%clk 0:12:25]} 29. f3 {[%clk 0:13:02]}  b3 {[%clk 0:12:27]} 30. Re2 {[%clk 0:12:41]}  Ng3 {[%clk 0:11:35]} 31. Rd2 {[%clk 0:12:58]}  dxc4 {[%clk 0:11:55]} 32. Rc3 {[%clk 0:12:30]}  f6 {[%clk 0:08:19]} 33. Nd7 {[%clk 0:12:24]}  Rxd7 {[%clk 0:08:05]} 34. Rxd7 {[%clk 0:12:13]}  Ne2+ {[%clk 0:08:30]} 35. Kf2 {[%clk 0:12:36]}  Nxc3 {[%clk 0:08:54]} 36. bxc3 {[%clk 0:12:58]}  Rb8 {[%clk 0:07:21]} 37. Rd1 {[%clk 0:12:56]}  Kf7 {[%clk 0:07:28]} 38. Ke2 {[%clk 0:12:43]}  Ke7 {[%clk 0:07:41]} 39. g4 {[%clk 0:12:12]}  g5 {[%clk 0:06:22]} 40. f4 {[%clk 0:12:28]}  Rd8 {[%clk 0:05:56]} 41. Rc1 {[%clk 0:12:48]}  gxf4 {[%clk 0:05:58]} 42. exf4 {[%clk 0:13:11]}  Rd3 {[%clk 0:06:20]} 43. h4 {[%clk 0:13:22]}  Rh3 {[%clk 0:06:32]} 44. g5 {[%clk 0:13:32]}  Rxh4 {[%clk 0:06:29]} 45. gxh6 {[%clk 0:13:57]}  Rxh6 {[%clk 0:06:48]} 46. Ke3 {[%clk 0:14:19]}  e5 {[%clk 0:03:37]} 47. fxe5 {[%clk 0:14:09]}  fxe5 {[%clk 0:03:43]} 48. Rg1 {[%clk 0:14:27]}  Rh3+ {[%clk 0:02:47]} 49. Ke4 {[%clk 0:14:50]}  Rxc3 {[%clk 0:03:00]} 50. Rg7+ {[%clk 0:14:29]}  Kd6 {[%clk 0:02:17]} 51. Ra7 {[%clk 0:14:27]}  b2 {[%clk 0:01:48]} 52. Rb7 {[%clk 0:14:45]}  Rb3 {[%clk 0:02:03]} 0-1

[Event "45th FIDE Chess Olympiad Open"]
[Site "Budapest, Hungary"]
[Date "2024.09.21"]
[Round "10"]
[White "Njoroge, Martin"]
[Black "Espinoza Solano, Jose Nahum"]
[Result "1/2-1/2"]
[Board "241"]
[WhiteFideId "10801952"]
[BlackFideId "6104428"]
[BlackTitle "FM"]
[WhiteElo "1972"]
[BlackElo "2156"]
[WhiteTeam "Kenya"]
[BlackTeam "Nicaragua"]
[WhiteClock "0:29:14"]
[BlackClock "0:59:21"]
[Variant "Standard"]

1. c4 {[%clk 1:29:32]}  Nf6 {[%clk 1:30:54]} 2. Nf3 {[%clk 1:29:53]}  d6 {[%clk 1:31:22]} 3. b4 {[%clk 1:25:54]}  c5 {[%clk 1:29:26]} 4. a3 {[%clk 1:23:37]}  g6 {[%clk 1:29:35]} 5. Bb2 {[%clk 1:23:58]}  Bg7 {[%clk 1:30:00]} 6. e3 {[%clk 1:24:08]}  Qb6 {[%clk 1:28:42]} 7. Bc3 {[%clk 1:22:47]}  O-O {[%clk 1:29:01]} 8. Be2 {[%clk 1:22:56]}  a6 {[%clk 1:23:38]} 9. O-O {[%clk 1:22:08]}  Nc6 {[%clk 1:24:05]} 10. Qc1 {[%clk 1:08:27]}  Ne4 {[%clk 1:15:01]} 11. Bxg7 {[%clk 1:08:02]}  Kxg7 {[%clk 1:12:53]} 12. Nc3 {[%clk 1:07:36]}  Nxc3 {[%clk 1:10:29]} 13. Qxc3+ {[%clk 1:04:49]}  Kg8 {[%clk 1:10:58]} 14. Rab1 {[%clk 1:04:34]}  Qc7 {[%clk 1:10:59]} 15. d4 {[%clk 0:57:50]}  cxd4 {[%clk 1:09:33]} 16. exd4 {[%clk 0:56:40]}  Bg4 {[%clk 1:09:58]} 17. b5 {[%clk 0:54:24]}  axb5 {[%clk 1:08:51]} 18. cxb5 {[%clk 0:50:28]}  Qa5 {[%clk 1:08:07]} 19. Qe3 {[%clk 0:50:04]}  Nd8 {[%clk 1:07:32]} 20. Qxe7 {[%clk 0:48:46]}  Qxa3 {[%clk 1:07:55]} 21. h3 {[%clk 0:48:58]}  Bf5 {[%clk 1:06:59]} 22. Rbc1 {[%clk 0:46:09]}  Bd3 {[%clk 1:05:44]} 23. Bxd3 {[%clk 0:42:58]}  Qxd3 {[%clk 1:06:01]} 24. Qxd6 {[%clk 0:42:30]}  Qxb5 {[%clk 1:05:59]} 25. Rc5 {[%clk 0:38:01]}  Qa6 {[%clk 1:05:40]} 26. Qg3 {[%clk 0:36:14]}  Ne6 {[%clk 1:05:54]} 27. Re5 {[%clk 0:35:59]}  Rfd8 {[%clk 1:00:16]} 28. Rfe1 {[%clk 0:32:57]}  b5 {[%clk 0:58:49]} 29. Rb1 {[%clk 0:28:57]}  Nxd4 {[%clk 0:58:54]} 30. Nxd4 {[%clk 0:29:14]}  Rxd4 {[%clk 0:59:21]} 1/2-1/2

[Event "45th FIDE Chess Olympiad Open"]
[Site "Budapest, Hungary"]
[Date "2024.09.21"]
[Round "10"]
[White "Alfaro, William"]
[Black "Kanegeni, Matthew Kamau"]
[Result "1-0"]
[Board "242"]
[WhiteFideId "6100457"]
[BlackFideId "10800255"]
[WhiteTitle "FM"]
[WhiteElo "2133"]
[BlackElo "1976"]
[WhiteTeam "Nicaragua"]
[BlackTeam "Kenya"]
[WhiteClock "0:04:44"]
[BlackClock "0:07:07"]
[Variant "Standard"]

1. d4 {[%clk 1:30:34]}  d5 {[%clk 1:30:25]} 2. Nf3 {[%clk 1:30:50]}  Nf6 {[%clk 1:30:33]} 3. c4 {[%clk 1:31:10]}  c6 {[%clk 1:31:00]} 4. Nc3 {[%clk 1:31:06]}  e6 {[%clk 1:31:14]} 5. Bg5 {[%clk 1:30:51]}  Nbd7 {[%clk 1:31:35]} 6. e3 {[%clk 1:29:18]}  Qa5 {[%clk 1:31:58]} 7. cxd5 {[%clk 1:29:42]}  Nxd5 {[%clk 1:32:24]} 8. Qd2 {[%clk 1:29:52]}  Bb4 {[%clk 1:32:30]} 9. Rc1 {[%clk 1:30:17]}  h6 {[%clk 1:32:32]} 10. Bh4 {[%clk 1:29:22]}  O-O {[%clk 1:31:53]} 11. Bd3 {[%clk 1:28:19]}  e5 {[%clk 1:29:18]} 12. O-O {[%clk 1:27:23]}  Re8 {[%clk 1:27:50]} 13. Bb1 {[%clk 1:12:13]}  e4 {[%clk 1:11:45]} 14. Ne1 {[%clk 0:48:35]}  N7b6 {[%clk 1:07:43]} 15. a3 {[%clk 0:30:19]}  Bxc3 {[%clk 1:04:52]} 16. bxc3 {[%clk 0:30:41]}  Nc4 {[%clk 1:03:15]} 17. Qe2 {[%clk 0:24:50]}  b5 {[%clk 1:00:31]} 18. Nc2 {[%clk 0:19:55]}  Nxc3 {[%clk 0:51:12]} 19. Qe1 {[%clk 0:19:26]}  Bg4 {[%clk 0:42:54]} 20. f3 {[%clk 0:13:01]}  exf3 {[%clk 0:39:28]} 21. gxf3 {[%clk 0:13:23]}  Bh3 {[%clk 0:26:01]} 22. Rf2 {[%clk 0:13:03]}  g5 {[%clk 0:22:20]} 23. Bg3 {[%clk 0:11:53]}  Nxb1 {[%clk 0:19:28]} 24. Qxa5 {[%clk 0:12:14]}  Nxa5 {[%clk 0:19:27]} 25. Rxb1 {[%clk 0:12:13]}  Nc4 {[%clk 0:19:11]} 26. Re2 {[%clk 0:07:54]}  a5 {[%clk 0:10:45]} 27. d5 {[%clk 0:06:18]}  cxd5 {[%clk 0:10:51]} 28. Rxb5 {[%clk 0:06:43]}  Bf5 {[%clk 0:09:41]} 29. e4 {[%clk 0:07:06]}  Rad8 {[%clk 0:05:45]} 30. Nd4 {[%clk 0:04:55]}  Bg6 {[%clk 0:04:18]} 31. exd5 {[%clk 0:04:22]}  Rxe2 {[%clk 0:04:22]} 32. Nxe2 {[%clk 0:04:47]}  Bd3 {[%clk 0:03:03]} 33. Nd4 {[%clk 0:04:17]}  Rd7 {[%clk 0:01:06]} 34. Nc6 {[%clk 0:02:12]}  a4 {[%clk 0:00:42]} 35. d6 {[%clk 0:01:48]}  Nxa3 {[%clk 0:00:41]} 36. Rb8+ {[%clk 0:00:47]}  Kg7 {[%clk 0:00:38]} 37. Ra8 {[%clk 0:00:48]}  Nc4 {[%clk 0:00:33]} 38. Rxa4 {[%clk 0:01:06]}  f6 {[%clk 0:00:34]} 39. Nb8 {[%clk 0:00:45]}  Rd8 {[%clk 0:00:35]} 40. Ra7+ {[%clk 0:00:47]}  Kg6 {[%clk 0:00:40]} 41. d7 {[%clk 0:00:39]}  Bf5 {[%clk 0:00:35]} 42. Bc7 {[%clk 0:27:56]}  Rxd7 {[%clk 0:27:46]} 43. Nxd7 {[%clk 0:28:20]}  Bxd7 {[%clk 0:27:53]} 44. Bd8 {[%clk 0:28:34]}  Ne5 {[%clk 0:19:45]} 45. Kf2 {[%clk 0:28:05]}  Kf5 {[%clk 0:17:42]} 46. Ra6 {[%clk 0:21:53]}  Be6 {[%clk 0:17:49]} 47. Bc7 {[%clk 0:19:20]}  h5 {[%clk 0:18:05]} 48. Ra5 {[%clk 0:17:45]}  g4 {[%clk 0:16:55]} 49. fxg4+ {[%clk 0:14:18]}  hxg4 {[%clk 0:17:19]} 50. Ke3 {[%clk 0:14:38]}  Bc8 {[%clk 0:13:10]} 51. Kd4 {[%clk 0:14:06]}  Bb7 {[%clk 0:11:29]} 52. Bxe5 {[%clk 0:14:16]}  fxe5+ {[%clk 0:11:46]} 53. Rxe5+ {[%clk 0:14:44]}  Kf6 {[%clk 0:09:05]} 54. Rb5 {[%clk 0:15:08]}  Bf3 {[%clk 0:09:05]} 55. Rb6+ {[%clk 0:11:37]}  Kg5 {[%clk 0:09:10]} 56. Ke5 {[%clk 0:11:49]}  Bg2 {[%clk 0:08:25]} 57. Rb8 {[%clk 0:12:03]}  Bh3 {[%clk 0:07:41]} 58. Rg8 {[%clk 0:12:29]}  Kh5 {[%clk 0:07:31]} 59. Kf6 {[%clk 0:09:27]}  g3 {[%clk 0:07:07]} 60. hxg3 {[%clk 0:04:44]} 1-0

[Event "45th FIDE Chess Olympiad Open"]
[Site "Budapest, Hungary"]
[Date "2024.09.21"]
[Round "10"]
[White "Oluka Robert Mcligeyo"]
[Black "Sanchez, Steven"]
[Result "0-1"]
[Board "243"]
[WhiteFideId "10814647"]
[BlackFideId "6102352"]
[WhiteElo "1990"]
[BlackElo "2072"]
[WhiteTeam "Kenya"]
[BlackTeam "Nicaragua"]
[WhiteClock "0:28:55"]
[BlackClock "0:36:47"]
[Variant "Standard"]

1. e4 {[%clk 1:29:38]}  e6 {[%clk 1:30:55]} 2. d4 {[%clk 1:29:06]}  d5 {[%clk 1:31:22]} 3. e5 {[%clk 1:28:28]}  c5 {[%clk 1:31:46]} 4. c3 {[%clk 1:27:23]}  Nc6 {[%clk 1:32:12]} 5. Nf3 {[%clk 1:27:22]}  Bd7 {[%clk 1:32:36]} 6. Be2 {[%clk 1:27:07]}  f6 {[%clk 1:30:41]} 7. O-O {[%clk 1:24:38]}  fxe5 {[%clk 1:31:07]} 8. Nxe5 {[%clk 1:23:03]}  Nxe5 {[%clk 1:31:15]} 9. dxe5 {[%clk 1:23:27]}  Qc7 {[%clk 1:31:38]} 10. Re1 {[%clk 1:23:49]}  Ne7 {[%clk 1:31:31]} 11. Bf1 {[%clk 1:23:11]}  Nc6 {[%clk 1:28:36]} 12. a4 {[%clk 1:17:56]}  Be7 {[%clk 1:25:34]} 13. Na3 {[%clk 1:13:34]}  a6 {[%clk 1:23:11]} 14. Be3 {[%clk 1:08:28]}  O-O {[%clk 1:19:19]} 15. f4 {[%clk 1:06:22]}  Na5 {[%clk 1:17:08]} 16. Rc1 {[%clk 1:00:45]}  c4 {[%clk 1:16:32]} 17. Qg4 {[%clk 0:57:07]}  Bxa3 {[%clk 1:11:53]} 18. bxa3 {[%clk 0:57:30]}  Rae8 {[%clk 1:12:20]} 19. Bf2 {[%clk 0:51:58]}  Bxa4 {[%clk 1:09:28]} 20. Re3 {[%clk 0:51:18]}  Qf7 {[%clk 1:08:37]} 21. Rg3 {[%clk 0:49:14]}  Nb3 {[%clk 1:08:32]} 22. Re1 {[%clk 0:47:03]}  Re7 {[%clk 1:06:34]} 23. Be3 {[%clk 0:43:43]}  Rc8 {[%clk 1:01:58]} 24. Be2 {[%clk 0:39:47]}  Nc5 {[%clk 0:50:51]} 25. Qh4 {[%clk 0:30:22]}  Bc2 {[%clk 0:48:39]} 26. Bh5 {[%clk 0:28:17]}  Qf8 {[%clk 0:45:07]} 27. Rh3 {[%clk 0:23:01]}  g6 {[%clk 0:42:06]} 28. Bxc5 {[%clk 0:18:43]}  Rxc5 {[%clk 0:40:40]} 29. Qf2 {[%clk 0:19:08]}  Rg7 {[%clk 0:29:32]} 30. Qxc2 {[%clk 0:17:51]}  gxh5 {[%clk 0:29:54]} 31. Qf2 {[%clk 0:17:42]}  Rcc7 {[%clk 0:27:58]} 32. Rxh5 {[%clk 0:17:23]}  Qxa3 {[%clk 0:24:44]} 33. f5 {[%clk 0:09:51]}  Qxc3 {[%clk 0:08:03]} 34. Qh4 {[%clk 0:09:04]}  Qb4 {[%clk 0:06:42]} 35. Rf1 {[%clk 0:03:35]}  Rcf7 {[%clk 0:06:20]} 36. Rh6 {[%clk 0:01:00]}  Qb6+ {[%clk 0:05:42]} 37. Kh1 {[%clk 0:00:55]}  c3 {[%clk 0:05:29]} 38. Rxe6 {[%clk 0:01:01]}  Qxe6 {[%clk 0:05:22]} 39. Qd8+ {[%clk 0:01:21]}  Rf8 {[%clk 0:05:50]} 40. Qxf8+ {[%clk 0:00:53]}  Kxf8 {[%clk 0:06:19]} 41. fxe6+ {[%clk 0:28:55]}  Ke7 {[%clk 0:36:47]} 0-1

[Event "45th FIDE Chess Olympiad Open"]
[Site "Budapest, Hungary"]
[Date "2024.09.21"]
[Round "10"]
[White "Ortiz, Marcos"]
[Black "Mutuge Ian"]
[Result "1-0"]
[Board "244"]
[WhiteFideId "6100678"]
[BlackFideId "10816593"]
[WhiteElo "2191"]
[BlackElo "1938"]
[WhiteTeam "Nicaragua"]
[BlackTeam "Kenya"]
[WhiteClock "0:26:58"]
[BlackClock "0:06:48"]
[Variant "Standard"]

1. e4 {[%clk 1:30:56]}  c5 {[%clk 1:30:52]} 2. Nf3 {[%clk 1:31:21]}  d6 {[%clk 1:31:17]} 3. d4 {[%clk 1:31:48]}  cxd4 {[%clk 1:31:40]} 4. Nxd4 {[%clk 1:32:14]}  Nf6 {[%clk 1:32:03]} 5. Nc3 {[%clk 1:32:40]}  a6 {[%clk 1:32:25]} 6. Bg5 {[%clk 1:33:08]}  e6 {[%clk 1:32:43]} 7. f4 {[%clk 1:33:35]}  Be7 {[%clk 1:33:05]} 8. Qf3 {[%clk 1:34:02]}  Qc7 {[%clk 1:32:25]} 9. O-O-O {[%clk 1:34:28]}  Nc6 {[%clk 1:29:16]} 10. Nxc6 {[%clk 1:34:54]}  bxc6 {[%clk 1:28:56]} 11. e5 {[%clk 1:35:22]}  Nd5 {[%clk 1:19:03]} 12. Bxe7 {[%clk 1:35:26]}  Qxe7 {[%clk 1:19:07]} 13. Ne4 {[%clk 1:35:50]}  dxe5 {[%clk 1:18:55]} 14. fxe5 {[%clk 1:36:16]}  O-O {[%clk 1:19:05]} 15. c4 {[%clk 1:36:44]}  f5 {[%clk 1:03:00]} 16. Nd6 {[%clk 1:36:44]}  Qg5+ {[%clk 1:01:27]} 17. Kb1 {[%clk 1:37:02]}  Ne7 {[%clk 0:58:34]} 18. Bd3 {[%clk 1:35:44]}  Rb8 {[%clk 0:55:24]} 19. g3 {[%clk 1:19:18]}  Bd7 {[%clk 0:47:56]} 20. h4 {[%clk 1:06:29]}  Qh6 {[%clk 0:47:32]} 21. h5 {[%clk 1:02:49]}  Qg5 {[%clk 0:43:55]} 22. Qf4 {[%clk 0:59:41]}  h6 {[%clk 0:43:17]} 23. Be2 {[%clk 0:58:26]}  Rfd8 {[%clk 0:23:13]} 24. Qf2 {[%clk 0:55:03]}  Be8 {[%clk 0:20:38]} 25. Rd3 {[%clk 0:43:02]}  Rd7 {[%clk 0:17:26]} 26. Qd4 {[%clk 0:30:45]}  Rbd8 {[%clk 0:15:03]} 27. g4 {[%clk 0:27:51]}  c5 {[%clk 0:11:14]} 28. Qe3 {[%clk 0:22:50]}  Nc8 {[%clk 0:06:49]} 29. gxf5 {[%clk 0:20:33]}  exf5 {[%clk 0:05:02]} 30. Qxc5 {[%clk 0:19:38]}  Nxd6 {[%clk 0:03:56]} 31. exd6 {[%clk 0:19:51]}  Qf6 {[%clk 0:03:59]} 32. Rhd1 {[%clk 0:20:05]}  Bf7 {[%clk 0:03:59]} 33. Bf3 {[%clk 0:19:28]}  Kh7 {[%clk 0:04:15]} 34. b3 {[%clk 0:19:24]}  Qg5 {[%clk 0:03:28]} 35. Qa5 {[%clk 0:17:10]}  Bxh5 {[%clk 0:03:24]} 36. Bxh5 {[%clk 0:17:34]}  Qxh5 {[%clk 0:03:47]} 37. c5 {[%clk 0:17:55]}  f4 {[%clk 0:03:28]} 38. Rd5 {[%clk 0:17:15]}  Qg6+ {[%clk 0:03:47]} 39. Kb2 {[%clk 0:17:20]}  Qf6+ {[%clk 0:01:19]} 40. Ka3 {[%clk 0:17:00]}  Rc8 {[%clk 0:00:38]} 41. Qa4 {[%clk 0:15:02]}  Rcd8 {[%clk 0:25:09]} 42. Qe4+ {[%clk 0:39:54]}  g6 {[%clk 0:24:39]} 43. Re5 {[%clk 0:38:53]}  Rg7 {[%clk 0:19:06]} 44. Re6 {[%clk 0:38:53]}  Qc3 {[%clk 0:19:14]} 45. c6 {[%clk 0:36:54]}  f3 {[%clk 0:18:04]} 46. Qc4 {[%clk 0:31:42]}  Qa5+ {[%clk 0:18:10]} 47. Kb2 {[%clk 0:32:00]}  f2 {[%clk 0:18:17]} 48. c7 {[%clk 0:30:36]}  Rc8 {[%clk 0:07:07]} 49. d7 {[%clk 0:29:19]}  Rxc7 {[%clk 0:07:31]} 50. d8=Q {[%clk 0:29:40]}  Qf5 {[%clk 0:06:48]} 51. Re8 {[%clk 0:26:58]} 1-0